000 01072nam a22002177a 4500
003 UA-OsUOA
001 58093
007 ta
008 20090126b un ||||| |||| 00| 0 ukr d
090 _a364.446:377
_bР64
942 _cBK
040 _aUA-OsUOA
_bukr
_cUA-OsUOA
_dUA-OsUOA
245 _aРозбудова навичок самостійного життя і сприяння зайнятості для випускників професійно-технічних навчальних закладів -колишніх вихованців інтернатних установ для дітей-сиріт
_bМодель соціальної підтримки та сприяння працевлаштуванню молоді з уразливих соціальних груп
_cБілецька О. В.
300 _a84 с.
955 _a2
041 _aukr
080 _a364.446:377
260 _aК.
_c2006
650 7 _a36 Забезпечення духовних та матеріальних життєвих потреб
_2UDC
999 _c344192
_d344192